00454nam a2200169Ia 4500003000400000005001700004008004100021020001800062040000700080041000800087082002400095100003000119245006900149260003600218300001700254365001300271OSt20230328101512.0210423s2005 xx 000 0 und d a9788131217351 cAL aeng a660.2815 223bQUIC aQUINN (Charles M);others. aComputational quantum chemistry II: the group theory calculator. aNew DelhibAcademic Pressc2005 aviii,188bPB b695cINR